<?xml version="1.0" encoding="UTF-8"?>
<record
    xmlns:xsi="http://www.w3.org/2001/XMLSchema-instance"
    xsi:schemaLocation="http://www.loc.gov/MARC21/slim http://www.loc.gov/standards/marcxml/schema/MARC21slim.xsd"
    xmlns="http://www.loc.gov/MARC21/slim">

  <leader>04143njm a2200649Ia 4500</leader>
  <controlfield tag="001">B5305</controlfield>
  <controlfield tag="003">IT-RoPAU</controlfield>
  <controlfield tag="005">20220918181114.0</controlfield>
  <controlfield tag="008">131025s9999    xx            000 0 und d</controlfield>
  <datafield tag="040" ind1=" " ind2=" ">
    <subfield code="a">IT-RoPAU</subfield>
  </datafield>
  <datafield tag="040" ind1=" " ind2=" ">
    <subfield code="c">IT-RoPAU</subfield>
  </datafield>
  <datafield tag="041" ind1=" " ind2=" ">
    <subfield code="a">ITALIANO</subfield>
  </datafield>
  <datafield tag="999" ind1=" " ind2=" ">
    <subfield code="c">99269</subfield>
    <subfield code="d">99269</subfield>
  </datafield>
  <datafield tag="999" ind1=" " ind2=" ">
    <subfield code="b">n.d.</subfield>
  </datafield>
  <datafield tag="100" ind1=" " ind2=" ">
    <subfield code="a">AA.VV.</subfield>
    <subfield code="9">794</subfield>
  </datafield>
  <datafield tag="100" ind1=" " ind2=" ">
    <subfield code="e">Autore musica</subfield>
    <subfield code="9">29032</subfield>
  </datafield>
  <datafield tag="100" ind1=" " ind2=" ">
    <subfield code="g">Codice autore musica SPICS: 12000</subfield>
    <subfield code="9">796</subfield>
  </datafield>
  <datafield tag="245" ind1=" " ind2=" ">
    <subfield code="a">Pavarotti &amp; Friends</subfield>
  </datafield>
  <datafield tag="250" ind1=" " ind2=" ">
    <subfield code="a">1a ed.</subfield>
  </datafield>
  <datafield tag="260" ind1=" " ind2=" ">
    <subfield code="a">LONDON</subfield>
  </datafield>
  <datafield tag="260" ind1=" " ind2=" ">
    <subfield code="b">DECCA RECORD COMPANY</subfield>
    <subfield code="c">1992 [1a Ed.:1992 - Ed. Lingua Orig.: 1992]</subfield>
  </datafield>
  <datafield tag="300" ind1=" " ind2=" ">
    <subfield code="a">COMPACT DISC</subfield>
  </datafield>
  <datafield tag="300" ind1=" " ind2=" ">
    <subfield code="c">62 minuti (Testo: 0 pag.)</subfield>
  </datafield>
  <datafield tag="500" ind1=" " ind2=" ">
    <subfield code="a">Concerto di beneficenza registrato a Modena il 27 settembre 1992 </subfield>
  </datafield>
  <datafield tag="505" ind1=" " ind2=" ">
    <subfield code="a">Panis angelicus [(Pavarotti Luciano) (4:00)] - Miserere [(Pavarotti Luciano) (5:00)] - Muoio per te [(Fornaciari Zucchero) (4:00)] - Caruso [(Pavarotti Luciano) (6:00)] - One More Day [(Fornaciari Zucchero) (5:00)] - Ave Maria [(Neville Aaron) (5:00)] - In Liverpool [(Vega Suzanne) (5:00)] - Sentinel [(Oldfield Mike) (4:00)] - L'urlo [(Fornaciari Zucchero) (4:00)] - Too Much Love Will Kill You [(May Brian) (5:00)] - It's Probably me [(Sting) (6:00)] - Room 19 [(Sha la la la Lee) (Geldof Bob) (5:00)] - Les hommes qui passent [(Kaas Patricia) (4:00)] - La donna &#xE8; mobile [(Pavarotti Luciano) (3:00)]</subfield>
  </datafield>
  <datafield tag="511" ind1=" " ind2=" ">
    <subfield code="a">Orchestra da camera Arcangelo Corelli diretta da Sisilli Aldo.</subfield>
  </datafield>
  <datafield tag="511" ind1=" " ind2=" ">
    <subfield code="a">Pavarotti e Sting</subfield>
  </datafield>
  <datafield tag="511" ind1=" " ind2=" ">
    <subfield code="a">Pavarotti e Zucchero</subfield>
  </datafield>
  <datafield tag="511" ind1=" " ind2=" ">
    <subfield code="a">Zucchero e Sting</subfield>
  </datafield>
  <datafield tag="511" ind1=" " ind2=" ">
    <subfield code="a">Luciano Pavarotti e Lucio Dalla</subfield>
  </datafield>
  <datafield tag="511" ind1=" " ind2=" ">
    <subfield code="a">Neville Brothers</subfield>
  </datafield>
  <datafield tag="511" ind1=" " ind2=" ">
    <subfield code="a">Pavarotti Luciano, Sting, Zucchero, Lucio Dalla e Brian May</subfield>
  </datafield>
  <datafield tag="650" ind1=" " ind2=" ">
    <subfield code="a">ARRANGIAMENTO [COMPACT DISC]</subfield>
    <subfield code="e">Codice MATERIA SPICS: 9949</subfield>
    <subfield code="9">29033</subfield>
  </datafield>
  <datafield tag="700" ind1=" " ind2=" ">
    <subfield code="a">Pavarotti Luciano</subfield>
    <subfield code="g">Codice interprete SPICS: 8113</subfield>
    <subfield code="e">Interprete</subfield>
    <subfield code="9">29034</subfield>
  </datafield>
  <datafield tag="700" ind1=" " ind2=" ">
    <subfield code="a">Franck Cesar</subfield>
    <subfield code="g">Codice autore musica SPICS: 11500</subfield>
    <subfield code="e">Autore musica</subfield>
    <subfield code="p">Panis angelicus</subfield>
    <subfield code="9">29035</subfield>
  </datafield>
  <datafield tag="700" ind1=" " ind2=" ">
    <subfield code="a">Fornaciari Zucchero</subfield>
    <subfield code="g">Codice autore musica SPICS: 10901</subfield>
    <subfield code="e">Autore musica</subfield>
    <subfield code="p">Miserere - Muoio per te - L'urlo</subfield>
    <subfield code="9">29036</subfield>
  </datafield>
  <datafield tag="700" ind1=" " ind2=" ">
    <subfield code="a">Bono Alessandro</subfield>
    <subfield code="g">Codice autore SPICS: 18199</subfield>
    <subfield code="e">Autore</subfield>
    <subfield code="p">Miserere</subfield>
    <subfield code="9">29037</subfield>
  </datafield>
  <datafield tag="700" ind1=" " ind2=" ">
    <subfield code="a">Sting</subfield>
    <subfield code="g">Codice autore musica SPICS: 13152</subfield>
    <subfield code="e">Autore musica</subfield>
    <subfield code="p">Muoio per te - It's Probably me</subfield>
    <subfield code="9">29038</subfield>
  </datafield>
  <datafield tag="700" ind1=" " ind2=" ">
    <subfield code="a">Dalla Lucio</subfield>
    <subfield code="g">Codice autore testo/musica SPICS: 10843</subfield>
    <subfield code="e">Autore testo/musica</subfield>
    <subfield code="p">Caruso</subfield>
    <subfield code="9">29039</subfield>
  </datafield>
  <datafield tag="700" ind1=" " ind2=" ">
    <subfield code="a">Neville Brother (The)</subfield>
    <subfield code="g">Codice autore musica SPICS: 33156</subfield>
    <subfield code="e">Autore musica</subfield>
    <subfield code="p">One More Day</subfield>
    <subfield code="9">29040</subfield>
  </datafield>
  <datafield tag="700" ind1=" " ind2=" ">
    <subfield code="a">Wolinski K.</subfield>
    <subfield code="g">Codice autore SPICS: 25080</subfield>
    <subfield code="e">Autore</subfield>
    <subfield code="p">One More Day</subfield>
    <subfield code="9">29041</subfield>
  </datafield>
  <datafield tag="700" ind1=" " ind2=" ">
    <subfield code="a">Schubert Franz</subfield>
    <subfield code="g">Codice autore musica SPICS: 10690</subfield>
    <subfield code="e">Autore musica</subfield>
    <subfield code="p">Ave Maria</subfield>
    <subfield code="9">29042</subfield>
  </datafield>
  <datafield tag="700" ind1=" " ind2=" ">
    <subfield code="a">Neville Aaron</subfield>
    <subfield code="g">Codice autore SPICS: 38384</subfield>
    <subfield code="e">Autore</subfield>
    <subfield code="p">Ave Maria</subfield>
    <subfield code="9">29043</subfield>
  </datafield>
  <datafield tag="700" ind1=" " ind2=" ">
    <subfield code="a">Vega Suzanne</subfield>
    <subfield code="g">Codice autore testo/musica SPICS: 21783</subfield>
    <subfield code="e">Autore testo/musica</subfield>
    <subfield code="p">In Liverpool</subfield>
    <subfield code="9">29044</subfield>
  </datafield>
  <datafield tag="700" ind1=" " ind2=" ">
    <subfield code="a">Oldfield Mike</subfield>
    <subfield code="g">Codice autore testo/musica SPICS: 8107</subfield>
    <subfield code="e">Autore testo/musica</subfield>
    <subfield code="p">Sentinel</subfield>
    <subfield code="9">29045</subfield>
  </datafield>
  <datafield tag="700" ind1=" " ind2=" ">
    <subfield code="a">Moss</subfield>
    <subfield code="g">Codice autore SPICS: 38385</subfield>
    <subfield code="e">Autore</subfield>
    <subfield code="p">L'urlo</subfield>
    <subfield code="9">29046</subfield>
  </datafield>
  <datafield tag="700" ind1=" " ind2=" ">
    <subfield code="a">Brown</subfield>
    <subfield code="g">Codice autore testo/musica SPICS: 20445</subfield>
    <subfield code="e">Autore testo/musica</subfield>
    <subfield code="p">L'urlo</subfield>
    <subfield code="9">29047</subfield>
  </datafield>
  <datafield tag="700" ind1=" " ind2=" ">
    <subfield code="a">May Brian</subfield>
    <subfield code="g">Codice autore musica SPICS: 28585</subfield>
    <subfield code="e">Autore musica</subfield>
    <subfield code="p">Too Much Love Will Kill You</subfield>
    <subfield code="9">29048</subfield>
  </datafield>
  <datafield tag="700" ind1=" " ind2=" ">
    <subfield code="a">Lamers</subfield>
    <subfield code="g">Codice autore SPICS: 38386</subfield>
    <subfield code="e">Autore</subfield>
    <subfield code="p">Too Much Love Will Kill You</subfield>
    <subfield code="9">29049</subfield>
  </datafield>
  <datafield tag="700" ind1=" " ind2=" ">
    <subfield code="a">Musker</subfield>
    <subfield code="g">Codice autore testo/musica SPICS: 38387</subfield>
    <subfield code="e">Autore testo/musica</subfield>
    <subfield code="p">Too Much Love Will Kill You</subfield>
    <subfield code="9">29050</subfield>
  </datafield>
  <datafield tag="700" ind1=" " ind2=" ">
    <subfield code="a">Clapton Eric</subfield>
    <subfield code="g">Codice autore SPICS: 10830</subfield>
    <subfield code="e">Autore</subfield>
    <subfield code="p">It's Probably me</subfield>
    <subfield code="9">29051</subfield>
  </datafield>
  <datafield tag="700" ind1=" " ind2=" ">
    <subfield code="a">Kamen</subfield>
    <subfield code="g">Codice autore testo/musica SPICS: 5157</subfield>
    <subfield code="e">Autore musica</subfield>
    <subfield code="p">It's Probably me</subfield>
    <subfield code="9">29052</subfield>
  </datafield>
  <datafield tag="700" ind1=" " ind2=" ">
    <subfield code="a">Geldof Bob</subfield>
    <subfield code="g">Codice autore testo/musica SPICS: 38389</subfield>
    <subfield code="e">Autore testo/musica</subfield>
    <subfield code="p">Room 19 (Sha la la la Lee)</subfield>
    <subfield code="9">29053</subfield>
  </datafield>
  <datafield tag="700" ind1=" " ind2=" ">
    <subfield code="a">Kaas Patricia</subfield>
    <subfield code="g">Codice autore testo/musica SPICS: 38390</subfield>
    <subfield code="e">Autore testo/musica</subfield>
    <subfield code="p">Les hommes qui passent</subfield>
    <subfield code="9">29054</subfield>
  </datafield>
  <datafield tag="700" ind1=" " ind2=" ">
    <subfield code="a">Verdi Giuseppe</subfield>
    <subfield code="g">Codice autore musica SPICS: 89</subfield>
    <subfield code="e">Autore musica</subfield>
    <subfield code="p">La donna &#xE8; mobile</subfield>
    <subfield code="9">29055</subfield>
  </datafield>
  <datafield tag="700" ind1=" " ind2=" ">
    <subfield code="a">Piave Francesco Maria</subfield>
    <subfield code="g">Codice autore testo SPICS: 12281</subfield>
    <subfield code="e">Autore testo</subfield>
    <subfield code="p">La donna &#xE8; mobile</subfield>
    <subfield code="9">29056</subfield>
  </datafield>
  <datafield tag="942" ind1=" " ind2=" ">
    <subfield code="c">CD</subfield>
    <subfield code="2">ddc</subfield>
  </datafield>
  <datafield tag="952" ind1=" " ind2=" ">
    <subfield code="0">0</subfield>
    <subfield code="1">0</subfield>
    <subfield code="4">0</subfield>
    <subfield code="6">B_5305_000000000000000</subfield>
    <subfield code="7">1</subfield>
    <subfield code="a">SPICS</subfield>
    <subfield code="b">SPICS</subfield>
    <subfield code="d">2013-10-25</subfield>
    <subfield code="l">0</subfield>
    <subfield code="o">B5305</subfield>
    <subfield code="r">2013-10-25 00:00:00</subfield>
    <subfield code="w">2013-10-25</subfield>
    <subfield code="y">CD</subfield>
    <subfield code="z">Progr. Ins.: 693 / N.Vol.: 1 / Copie: 1 - Copia rara: n.d. / date import: 01.01.2014 - By Epidotti, Trombetti, Vaglietti</subfield>
  </datafield>
</record>
